000 01489nam0a2200325 i 4500
001 RU\NLR\BIBL_A\010729873
005 20241103090736.0
010 _a9785945521551
_9101
021 _aRU
_b2015-16458
_9991
035 _a(NILC)RuMoRGB-007889049
035 _a(NLR Aleph) 010729873
090 _a9860114
_c9860114
100 _a20150415d2014 u y0rusy50 ca
101 0 _arus
102 _aRU
105 _ay|||j||||00yy
200 1 _aЭксгумация в системе следственных действий
_eучебное пособие
_fА. Е. Кригер
_gМ-во внутренних дел Российской Федерации, Барнаульский юридический ин-т
210 _aБарнаул
_cНИиРИО БЮИ МВД России
_d2014
215 _a94 с.
_d21
320 _aБиблиогр.: с. 89-93 (19 назв.) и в подстроч. примеч.
606 _aЭксгумация
_jУчебные издания для высших учебных заведений
_xУголовно-процессуальные вопросы
_yРоссийская Федерация
_92248536
_3RU\NLR\AUTH\6601579625
610 0 _aэксгумация
686 1 _aХ629.372.207.19я73
700 1 _aКригер
_bА. Е.
_gАлексей Егорович
801 0 _aRU
_bРГБ
_c20150317
_gRCR
801 1 _aRU
_bРГБ
_c20150317
_2rusmarc
942 _cBOOK
980 _aNBR